| 000 -LEADER |
| fixed length control field |
00385nam a2200133 4500 |
| 003 - CONTROL NUMBER IDENTIFIER |
| control field |
OSt |
| 005 - DATE AND TIME OF LATEST TRANSACTION |
| control field |
20210705111058.0 |
| 008 - FIXED-LENGTH DATA ELEMENTS--GENERAL INFORMATION |
| fixed length control field |
210705b ||||| |||| 00| 0 eng d |
| 020 ## - INTERNATIONAL STANDARD BOOK NUMBER |
| International Standard Book Number |
9781138692145 |
| 082 ## - DEWEY DECIMAL CLASSIFICATION NUMBER |
| Classification number |
720.103 |
| Item number |
MIT |
| 100 ## - MAIN ENTRY--PERSONAL NAME |
| Personal name |
Mitchell, Maurice; Tang, Bo 1983- |
| 245 ## - TITLE STATEMENT |
| Title |
Loose fit city : the contribution of bottom-up architecture to urban design and planning |
| 942 ## - ADDED ENTRY ELEMENTS (KOHA) |
| Source of classification or shelving scheme |
|